000 00685nam a2200253Ia 4500
001 14949
005 20240113235600.0
007 ta
008 051130s1950 a g b000 u 465 u
040 _aCotton College,Assam
041 _a465
082 _a513.1
_bSk 53 Dy
100 _aSkolnik, David .
245 0 _aDynamic Plane Geometry /
_cDavid Skolnik.
_hTextual Documents
250 _a1st ed. /
260 _aLondon :
_bD. Van Nostrand Co., Inc ,
_cC1950.
300 _a289p. :
_bill ;
_c24cm .
653 _aDynamic Plane-Geometry
653 _aGeometry-Dynamic Plane
653 _aG-Mathematics
942 _2ddc
_cBK
999 _c14935
_d14935